000 00406nam a22001337a 4500
008 170216b xxu||||| |||| 00| 0 eng d
050 _aBX1959.3.S4 D814
100 _aDube, Aleta
_928872
245 _aHongu Ndinotendera
_cAleta Dube
260 _aBulawayo
_bSt Augustine's Regional Major Seminary
_c2013
300 _a81p. ;
_c24p.
650 _aCatholic Church
_xCatechism
_928874
942 _2lcc
_cMONOGRAPH
999 _c126139
_d126139